Tilastot visalle Maat joissa on suurin asukastiheys

Klikkaa tästä pelataksesi tätä visaa!

Yleistilastot

  • Tätä visaa on pelattu 18 kertaa
  • Keskiarvotulos 3 / 10

Vastaustilastot

HintVastaus% Oikein
8 225Singapore
80%
1 239Bangladesh
73%
2 065Bahrain
27%
526Etelä-korea
27%
670Libanon
20%
505Hollanti
13%
7 020Hongkong
13%
21 124Macao
13%
624Mauritus
0%
807Palestiina
0%

Tulosjakauma

Persentiili vastausten määrän mukaan

Jokaisen tuloksen saaneiden osuus

Tuloshistoriasi

Et ole pelannut tätä visaa